Procmura at 50 (Record no. 38093)
[ view plain ]
| 000 -LEADER | |
|---|---|
| fixed length control field | 00320nam a22001097a 4500 |
| 008 - FIXED-LENGTH DATA ELEMENTS--GENERAL INFORMATION | |
| fixed length control field | 110322t xxu||||| |||| 00| 0 eng d |
| 050 ## - LIBRARY OF CONGRESS CALL NUMBER | |
| Classification number | BP172 |
| Item number | .P76 [1991] |
| 245 ## - TITLE STATEMENT | |
| Title | Procmura at 50 |
| Statement of responsibility, etc | edited by Sigvard Von Sicard,David Bone andJohnson Mbillah |
| 260 ## - PUBLICATION, DISTRIBUTION, ETC. (IMPRINT) | |
| Place of publication, distribution, etc | Nairobi |
| Name of publisher, distributor, etc | Procmura |
| 300 ## - PHYSICAL DESCRIPTION | |
| Extent | 269p. |
| Dimensions | 23cm |
| 942 ## - ADDED ENTRY ELEMENTS (KOHA) | |
| Source of classification or shelving scheme | Library of Congress Classification |
| Item type | Book |
| Withdrawn status | Lost status | Source of classification or shelving scheme | Damaged status | Not for loan | Collection code | Home library | Current library | Shelving location | Date acquired | Source of acquisition | Total Checkouts | Total Renewals | Full call number | Barcode | Date last seen | Date last borrowed | Copy number | Price effective from | Koha item type |
|---|---|---|---|---|---|---|---|---|---|---|---|---|---|---|---|---|---|---|---|
| Library of Congress Classification | Non-fiction | Bishop Okullu Memorial Library (Limuru Campus) | Bishop Okullu Memorial Library (Limuru Campus) | General Circulation | 22/03/2011 | purchase | 5 | 1 | BP172 .P76[1991] | 024749 | 09/04/2024 | 09/03/2024 | 1 | 22/03/2011 | Book |